Statistics for Texas Rivers Map Quiz

Click here to take the quiz!

General Stats

  • This quiz has been taken 17,603 times
    (17,128 since last reset)
  • The average score is 6 of 13

Answers on the Map

Answers color-coded by a green-red scale on the quiz's map according to % correct below.
 

Answer Stats

Answer% Correct
Red River
75%
Rio Grande
75%
Canadian River
60%
Sabine River
53%
Pecos River
47%
Colorado River
46%
San Antonio River
46%
Brazos River
45%
Trinity River
43%
Nueces River
38%
Guadalupe River
36%
Neches River
36%
San Jacinto River
36%

Score Distribution

Percentile by Number Answered

Percent of People with Each Score

Your Score History

You have not taken this quiz since the last reset